Представление документа в формате MARC21

Поле Инд. ПП Название Значение
Тип записи a
Библиографический уровень m
001 Контрольный номер RU/IS/BASE/361883185
005 Дата корректировки 20150714150532.2
020 c Цена, тираж 76.20
040 a Служба первич. каталог. НБ ТвГУ
b Код языка каталог. rus
e Правила каталог. PSBO
041 0_ a Код языка текста rus
080 a Индекс УДК 621.38-03(075.8)
080 a Индекс УДК 620.3(075.8)
084 a Индекс другой классификации/Индекс ББК З85-03я73-1
084 a Индекс другой классификации/Индекс ББК Ж6я73-1
090 a Полочн. индекс З85
x Авторский знак М 34
245 10 a Заглавие Материаловедение электронной техники. Технологии наноматериалов
b Продолж. заглавия учебное пособие
c Ответственность М-во образования и науки Рос. Федерации, ГОУ ВПО "Твер. гос. ун-т"
260 a Место издания Тверь
b Издательство Тверской государственный университет
c Дата издания 2011
300 a Объем 98, [1] с.
b Иллюстрации/ тип воспроизводства ил., табл.
c Размеры 20 см.
504 a Библиография Библиогр.: с. 86-98 (225 назв.)
520 0_ a Аннотация В пособии содержится доступное изложение физических свойств и технологий получения наноматериалов, являющихся составной частью науки о материалах. Рассмотрены физико-химические основы процессов и методов получения эпитаксиальных слоев, сверхрешеток и наноструктур, гетероструктур для твердотельной электроники, физические и химические методы осаждения и распыления пленок, интердиффузия и реакции в пленках, их механические свойства и параметры их характеризации, особенности формирования металлических и защитных покрытий. Предназначено для студентов физико-технического факультета при изучении курсов "Материаловедение электронной техники", Физика нано- и гетероструктур", "Физические основы нанотехнологии", "Физическая электроника", "Основы физического материаловедения", "Физика пьезоэлектриков".
653 0_ a Ключевые слова Электронная техника
653 1_ a Ключевые слова Материаловедение электронной техники
a Ключевые слова Материалы электронной техники
a Ключевые слова Наноматериалы
a Ключевые слова Нанотехнологии
a Ключевые слова Радиоэлектроника
a Ключевые слова Технологии наноматериалов
a Ключевые слова Учебники для вузов
a Ключевые слова Электроника
700 12 a Другие авторы Головнин Владимир Алексеевич
e Роль лиц авт.
q Полное имя Головнин В. А.
700 1_ a Другие авторы Каплунов Иван Александрович
e Роль лиц авт.
q Полное имя Каплунов И. А.
700 1_ a Другие авторы Педько Борис Борисович
e Роль лиц авт.
q Полное имя Педько Б. Б.
700 1_ a Другие авторы Малышкина Ольга Витальевна
e Роль лиц авт.
q Полное имя Малышкина О. В.
700 1_ a Другие авторы Мовчикова Алена Александровна
e Роль лиц авт.
q Полное имя Мовчикова А. А.
710 12 a Организация/ юрисдикция Тверской государственный университет
901 t Тип документа m
920 a Оператор Густ
930 a Новая/Ретро учебники
952 c Вид литературы К ру
954 a Дата поступления на обработку 20110621
999 a Подразделение 2 Фил.3